Science Quiz

Random Science or Letter Quiz

HARM-less: Elements Quiz Stats

 Plays Quiz Updated Jul 23, 2019

Score 0/20 Timer 04:00
0 Plays Today
HARM-less Element Element % Correct
C_ _BONCARBON
94.9%
_ _GONARGON
92.8%
_ _SENICARSENIC
92.2%
_ _GNESIU_MAGNESIUM
89.9%
_ NTI_ONYANTIMONY
82%
_E_CU_YMERCURY
81.7%
B_ _IU_BARIUM
75.2%
_ _DIU_RADIUM
70.1%
GE_ _ _NIU_GERMANIUM
69.7%
_ _FNIU_HAFNIUM
65.3%
HARM-less Element Element % Correct
T_O_IU_THORIUM
63%
_ _SSIU_HASSIUM
60.9%
L_NT_ _NU_LANTHANUM
60.7%
_UT_E_FO_DIU_RUTHERFORDIUM
60.5%
C_ _O_IU_CHROMIUM
57.8%
LIVE_ _O_IU_LIVERMORIUM
53.6%
_OL_IU_HOLMIUM
52.8%
D_ _ _ST_DTIU_DARMSTADTIUM
46.7%
_ _E_ICIU_AMERICIUM
39.4%
S_ _ _ _IU_SAMARIUM
31.9%

You're not logged in!

Compare scores with friends on all Sporcle quizzes.
OR
Log In

Sporcle TV

Today on Sporcle TV


Watch our educational content, quiz creation guides, and fun videos on Sporcle TV.

Show Comments

Extras

Top Quizzes Today


Score Distribution

Your Account Isn't Verified!

In order to create a playlist on Sporcle, you need to verify the email address you used during registration. Go to your Sporcle Settings to finish the process.

Report this User

Report this user for behavior that violates our Community Guidelines.

Details: